الفواكه الشهية في الخطب المنبرية / (رقم التسجيلة. 117258)

تفاصيل مارك
000 -الفاتح
عناصر البيانات ثابتة الطول 00722cam a2200181 i 4500
005 - تاريخ ووقت آخر معاملة
حقل ضبط 20251224100943.0
008 - عناصر البيانات ثابتة الطول
عناصر البيانات ثابتة الطول 250721s2007 su gr 000 0 ara d
082 14 - رقم تصنيف ديوي العشري
رقم التصنيف 218.51
رقم المادة س ع د
100 1# - مدخل رئيسي – اسم شخصي
الاسم الشخصي السعدي، عبدالرحمن بن ناصر
علاقة الشخص بالعمل/ دوره مؤلف.
245 12 - بيان العنوان
العنوان الفواكه الشهية في الخطب المنبرية /
بيان المسؤولية تاليف عبدالرحمن بن ناصرالسعدي ؛ عبدالله بن سليمان عبدالله السلمان
250 ## - بيان الطبعة
بيان الطبعة الطبعه الاولى.
264 31 - بيانات النشر، التوزيع…إلخ
اسم الناشر، الموزع...إلخ دار نور الإيمان،
تاريخ النشر، التوزيع...إلخ 2007.
300 ## - الوصف المادي
عدد الوحدات المكونة للوعاء 215صفحه.
650 17 - مدخل إضافي بالموضوع - مصطلح موضوعي
مصطلح موضوعي أو اسم جغرافي كعنصر مدخل الخطب الدينية.
650 17 - مدخل إضافي بالموضوع - مصطلح موضوعي
مصطلح موضوعي أو اسم جغرافي كعنصر مدخل الوعظ والإرشاد.
942 ## - بيانات إضافية (كوها)
نوع التنصيف Dewey Decimal Classification
نوع المادة (كوها) كتب
المقتنيات
حالة السحب حالة الفقدان مصدر التصنيف حالة التلف غير قابل للإعارة المكتبة الرئيسية المكتبة الحالية موقع الرف تاريخ التزويد الرقم المتسلسل Total Checkouts رقم الإستدعاء الباركود تاريخ آخر ظهور تاريخ الفاتورة نوع المادة (كوها)
    Dewey Decimal Classification     المكتبة المركزية المكتبة المركزية الإعارة 28/07/2025 1306849   218.51 / س ع د PLD00102432 28/07/2025 28/07/2025 كتب
    Dewey Decimal Classification     مكتبة أبو علندا العامة مكتبة أبو علندا العامة الإعارة 19/07/2009 1306850   218.51/سعد PLD00102596 28/07/2025 19/07/2009 كتب
    Dewey Decimal Classification     مكتبة الأميرة ايمان العامة مكتبة الأميرة ايمان العامة الإعارة 19/07/2009 1306851   218.51/سعد PLD00102597 28/07/2025 19/07/2009 كتب
    Dewey Decimal Classification     مكتبة وادي السير العامة مكتبة وادي السير العامة الإعارة 19/07/2009 1306855   218.51/سعد PLD00102601 28/07/2025 19/07/2009 كتب
    Dewey Decimal Classification     مكتبة ومركز فرح مكتبة ومركز فرح الإعارة 19/07/2009 1306858   218.51/سعد PLD00102604 28/07/2025 19/07/2009 كتب
Implemented & Customized by: BBB with SCIT (Smart Chains for Information Technology)

Powered by Koha